| 000 | 01419nam a22004337a 4500 | ||
|---|---|---|---|
| 003 | CHAP | ||
| 005 | 20220817044154.0 | ||
| 008 | 070621d2006 it rn 00110 fre d | ||
| 010 | _a93778 | ||
| 011 | _a94750 | ||
| 020 | _a9252055142 | ||
| 035 | _a105347 | ||
| 040 | _cCHAP | ||
| 082 | 0 | 4 |
_a338.181 _bF3f v.1 |
| 110 | 2 | _aFAO | |
| 245 | 1 | 0 |
_aPolitiques relatives aux produits alimentaires de base 2003-2004 _c/par FAO |
| 260 |
_aRome : _bFAO, _c2006. |
||
| 300 | _a90 p. | ||
| 410 | 2 | 0 | _aFAO |
| 490 | 0 |
_aEtude FAO: politiques concernant les produits agricoles de base _v; 1 |
|
| 590 |
_aBATCH-UPD _b10 _c20130110 _lUCH01 _h1534 |
||
| 590 |
_aBATCH-UPD _b10 _c20130410 _lUCH01 _h0939 |
||
| 590 |
_aBATCH-UPD _b10 _c20130913 _lUCH01 _h1859 |
||
| 590 |
_aCONVERSION _b10 _c20130109 _lUCH01 _h1352 |
||
| 650 | 1 | 4 |
_aAceites vegetales. _9457 |
| 650 | 1 | 4 |
_aArroz _xRendimiento. _97651 |
| 650 | 1 | 4 |
_aCarne _xProducción. _919109 |
| 650 | 1 | 4 |
_aCereales _xRendimiento. _921461 |
| 650 | 1 | 4 |
_aIndustria lechera. _957819 |
| 650 | 1 | 4 |
_aPolítica agrícola. _990283 |
| 650 | 1 | 4 |
_aProductos agrícolas _xAlmacenamiento. _991897 |
| 650 | 1 | 4 |
_aProductos agrícolas _xMercadeo. _991951 |
| 810 | 0 | _aFAO | |
| 830 | 0 |
_aEtude FAO: politiques concernant les produits agricoles de base _v; 1 _938669 |
|
| 901 | _aBK | ||
| 905 | _aLilia | ||
| 942 | _cLIBRO | ||
| 949 |
_a338.181 F3f v.1 _bBC _cFAO _d33724002029264 _eFAO1 _h108712 _i105347 _sb |
||
| 999 |
_c93778 _d93778 |
||